000 00713nam a2200289Ia 4500
005 20260324124932.0
008 008 260324s9999 xx 000 0 eng d
020 _a9780203872550
037 _aEBOOK
040 _aCRL
040 _beng
040 _cCRL
041 _2eng
041 _aeng
084 _qCRL
100 _aKamaludeen Mohamed Nasir; Alexius Pereira; Bryan S. Turner
_91176066
245 0 _aMuslims in Singapore
245 0 _bPiety, politics and policies
260 _bTaylor and Francis
260 _c2009
365 _a
365 _b255
856 _uhttp://www.taylorfrancis.com/books/9780203872550
942 _cEBOOK
999 _c1770881
_d1770881